MARC details
| 000 -CABECERA |
| campo de control de longitud fija |
00897nam a2200241 u 4500 |
| 005 - FECHA Y HORA DE LA ÚLTIMA TRANSACCIÓN |
| campo de control |
20240612064137.0 |
| 008 - ELEMENTOS DE LONGITUD FIJA--INFORMACIÓN GENERAL |
| campo de control de longitud fija |
170601s2008 mx r 000 0 spa d |
| 020 ## - NÚMERO INTERNACIONAL NORMALIZADO PARA LIBROS |
| Número Internacional Estándar del Libro |
9789680117383 |
| 035 ## - NÚMERO DE CONTROL DEL SISTEMA |
| Número de control de sistema |
UPN01000218300 |
| 049 ## - COLECCIÓN |
| Colección |
LTG |
| 050 #4 - SIGNATURA TOPOGRÁFICA DE LA BIBLIOTECA DEL CONGRESO |
| Número de clasificación |
LB1584 |
| Número de documento/Ítem |
M6.6 2008 |
| 245 00 - MENCIÓN DE TÍTULO |
| Título |
Formación cívica y ética : |
| Resto del título |
sexto grado : primaria / |
| Mención de responsabilidad, etc. |
Lilian Alvarez Arellano ... [et al.] ; coord. María Edith Bernáldez Reyes. |
| 260 ## - PUBLICACIÓN, DISTRIBUCIÓN, ETC. |
| Lugar de publicación, distribución, etc. |
México : |
| Nombre del editor, distribuidor, etc. |
SEP, Comisión Nacional de Libros de Texto Gratuitos, |
| Fecha de publicación, distribución, etc. |
2008. |
| 300 ## - DESCRIPCIÓN FÍSICA |
| Extensión |
83 p. : |
| Otras características físicas |
il. col. |
| 500 ## - NOTA GENERAL |
| Nota general |
Libro de texto gratuito |
| 500 ## - NOTA GENERAL |
| Nota general |
"Ciclo escolar 2008-2009" |
| 650 #4 - ASIENTO SECUNDARIO DE MATERIA - TERMINO TEMATICO |
| Término de materia o nombre geográfico como elemento de entrada |
Civismo |
| Subdivisión general |
Estudio y enseñanza (Elemental) |
| 9 (RLIN) |
2807 |
| 650 #4 - ASIENTO SECUNDARIO DE MATERIA - TERMINO TEMATICO |
| Término de materia o nombre geográfico como elemento de entrada |
Ética |
| Subdivisión general |
Estudio y enseñanza (Elemental) |
| 9 (RLIN) |
15780 |
| 700 1# - ASIENTO SECUNDARIO--NOMBRE DE PERSONAL |
| Nombre de persona |
Alvarez Arellano, Lilian, |
| Término indicativo de función/relación |
coaut. |
| 9 (RLIN) |
30708 |
| 700 1# - ASIENTO SECUNDARIO--NOMBRE DE PERSONAL |
| Nombre de persona |
Bernáldez Reyes, María Edith, |
| Término indicativo de función/relación |
coord. |
| 905 ## - TIPO DE MATERIAL |
| Tipo de material |
Libro |